000 00483nam a22001577a 4500
005 20251108164314.0
008 250721s1990 xx 000 0 ara d
082 1 4 _a355.3432/كلا
100 1 _aحجازي، هيثم علي
_eمترجم
245 1 0 _aكلاب الحرب CIA /
264 1 _aعمان :
_bالأهلية للنشر والتوزيع،
_c1990.
300 _a189ص.
650 1 7 _aوكالة الإستخبارات المركزية
942 _2ddc
_cBK
999 _c8873
_d8873